000 00349nam a22001457a 4500
020 _qHB.
040 _cFIZZA ISHAQ
082 _a624.11
_bKEN
100 _aLEET, KENNETH.
_990583
245 _aFUNDAMENTAL OF STRUCTURAL ANALYSIS /
_cKENNETH LEET.
250 _a3rd ED.
260 _bMC GRAW HILL,
_c2008.
300 _a785 P. ;
942 _2ddc
_cBK
999 _c588738
_d588738